000 00873nam a2200253 a 4500
001 58201
003 BD-RjUL
005 20211209080609.0
008 161217s1955 enk b 000 0 eng
035 _a(BD-RjUL)58325
035 _a(OCoLC)412900
040 _aDLC
_cODaWU
_dNcRS
_dOCoLC
_dDLC
_beng
041 _aeng
082 _223
_a327.52
_bSEL 1955
245 0 0 _aSelect documents on Japanese foreign policy, 1853-1868 /
_ctranslated and edited by W. G. Beasley.
260 _aLondon :
_aNew York :
_bOxford University Press,
_c1955.
300 _axi, 359 p. ;
_c25 cm.
504 _aIncludes bibliographical references (p. [343]-348) and index.
651 0 _aJapan
_xForeign relations
_yTo 1868.
_9172885
700 1 _aBeasley, W. G.
_q(William G.),
_d1919-2006.
_9172886
740 0 _aJapanese foreign policy, 1853-1868.
942 _2ddc
_cBK
999 _c58201
_d58201